1266 1706 1134 1052 1600 1857 1855 1346 1476 1746 1754 1251 1931 1697 1570 1239 1822 1940 1077 1241 1456 1908 1681 1629 1462 1697 1650 1757 1253 1853 1091 1658 1038 1869 1591 1794 1208 1358 1955 1046 1361 1633 1692 1592 1844 1767 1537 1849 1023 1691 1828 1662 1185 1926 1005 1557 1715 1378 1579 1351 1414 1358 1544 1526 1924 1182 1701 1787 1863 1026 1684 1235 1774 1806 1583 1776 1275 1949 1340 1387 1691 1015 1412 1277 1514 1144 1889 1597 1994 1015 1559 1574 1926 1654 1997 1530 1610 1078 1348 BCNSPRNW ULIB Ver.6.0+V

เปลี่ยนเป็นภาษาไทย

Change to English
 แสดงรายละเอียดบรรณานุกรม
  กลับหน้าหลัก

Brief Record : Get Marc (ISO 2709) : E-mail record : QR code < ปิดหน้าต่าง
LEADER : 00000nam 2200000uu 4500
001    13399111528
003     ULIB
008    110630s||||||||th 000 0 tha d
020    9789740920083
050  4 BQ4570^bน445ธ 2550
100 0  นาคา นาคทอง
245 10 ธรรมวาจาปัญญานันทภิกขุ /^cนาคา นาคทอง
260    กรุงเทพฯ :^bวาไรตี้,^c2550
300    159 หน้า :^bภาพประกอบสีบางภาพ
650  7 ธรรมะ
945    ^p129^l0^i023140
995    ทศพร
999 ^a ใช้งานได้ทุกระบบ
รายการนี้ยังไม่มีแท็ก
คุณยังไม่ได้ล็อกอิน คุณสามารถมีกิจกรรมร่วมกับเว็บไซต์ได้ แต่ต้องล็อกอินก่อน ::
  ล็อกอิน

รายการสื่อสารสนเทศ

ลำดับที่ ประเภท เลขเรียก/บาร์โค้ด สถานที่ สถานะ
- ไม่พบข้อมูล -

รายการใกล้เคียง
    หัวเรื่อง [ธรรมะ]

BibComment


ยังไม่เคยถูกคอมเมนท์

คอมเมนท์ทรัพยากรรายการนี้
  คอมเมนท์: ธรรมวาจาปัญญานันท..


 Copyright 2026. Bcnsprnw @Library